MARC

LEADER 00000nam0a2200000 4500
001 273272
005 20231101234620.0
020 |a RU  |b 87-73091 
035 |a (RuTPU)RU\TPU\book\296481 
090 |a 273272 
100 |a 20141024d1987 k y0rusy5003 ca 
101 0 |a rus 
102 |a RU 
105 |a a z 001zy 
200 1 |a Прикладные вопросы седиментационной цикличности и нефтегазоносности  |f Академия наук СССР (АН СССР), Сибирское отделение (СО), Институт геологии и геофизики (ИГиГ) ; под ред. А. А. Трофимука 
210 |a Новосибирск  |c Наука  |d 1987 
215 |a 215 с.  |c ил. 
320 |a Библиогр. в конце ст. 
606 1 |a Седиментология  |2 stltpush  |3 (RuTPU)RU\TPU\subj\54336  |9 72493 
610 1 |a осадконакопление 
610 1 |a нефтеносные районы 
610 1 |a газоносные районы 
610 1 |a цикличность 
610 1 |a расчленение 
610 1 |a сейсморазведка 
610 1 |a субаэральное рельефообразование 
675 |a 552.143  |z rus  |v 4 
702 1 |a Трофимук  |b А. А.  |g Андрей Алексеевич  |4 340 
712 0 2 |a Академия наук СССР (АН СССР)  |b Сибирское отделение (СО)  |b Институт геологии и геофизики (ИГиГ)  |c (Новосибирск)  |2 stltpush  |3 (RuTPU)RU\TPU\col\128 
801 0 |a RU  |b RuMRKP  |c 19950417  |g psbo 
801 1 |a RU  |b 63413507  |c 20141024 
801 2 |a RU  |b 63413507  |c 20170321  |g RCR 
942 |c BK